| 000 | 00389pab a2200145 454500 | ||
|---|---|---|---|
| 008 | 180718b1984 xxu||||| |||| 00| 0 eng d | ||
| 100 | _aYesudiam, C.A.K. | ||
| 245 | _aPrimary health care in urban areas problems and issues | ||
| 260 | _c1984 | ||
| 300 | _a63-76 | ||
| 362 | _aApr. | ||
| 650 | _aHealth Services - India - Bombay | ||
| 773 | _aIndian Journal of Social Work | ||
| 909 | _a9684 | ||
| 999 |
_c9684 _d9684 |
||